000 01367nam a2200277 a 4500
001 BRCA_2460
005 20190320203824.0
008 191108s1829----sp-#---###---#000-0#spa-u
041 _aspa
044 _asp
084 _a100
_b.P57
_c1829
100 1 _aCervantes Saavedra, Miguel de
_d1547-1616
_9213
245 1 0 _aEl Ingenioso Hidalgo D. Quijote de la Mancha
_ccompuesto por Miguel de Cervantes Saavedra.
260 _aMadrid
_bHijos de Doña Catalina Piñuela
_c1829
300 _a4 v.
_c15 cm.
500 _aContenido : v 1. Primera parte. Retrato de Cervantes. Advertencia del editor. Principios dela edición príncipe. Dedicatoria. Prólogo del autor. Versos preliminares. Texto. -- v 2. Texto. -- v 3. Segunda parte. Principios de la edición príncipe. Dedicatoria. Prólogo del autor. Texto. -- v 4. Texto
500 _aEdición igual a la anterior, pero sin retrato ni láminas. Semipiel; lomeras adornadas con filetes dorados. Faltan las portadas delos cuatro volúmenes Lúdovik Osterc
500 _aQM82
650 1 4 _aNovela española
_yÉpoca clásica, 1500-1700
_9215
650 1 4 _aLiteratura española
_yÉpoca clásica, 1500-1700
_9216
650 1 4 _aNovela española
_ySiglo XVII
_9217
650 1 4 _aDon Quijote (Personaje ficticio)
_eNovela
_9218
740 0 _aEl Ingenioso Hidalgo Don Quijote de la Mancha
902 _aQFM
942 _2lcc
_cB
999 _c2201
_d2201